[Event "Liberec Desko op"]
[Site "Liberec"]
[Date "2023.07.16"]
[Round "3"]
[White "Belaska, Premysl"]
[Black "Bures, Jaroslav"]
[Result "1/2-1/2"]
[WhiteElo "2207"]
[BlackElo "2422"]
[PlyCount "72"]
[EventDate "2023.07.15"]
[EventType "swiss"]
[EventRounds "9"]
[EventCountry "CZE"]
[SourceTitle "CBM 215 Extra"]
[Source "ChessBase"]
[SourceDate "2023.09.30"]
[SourceVersion "1"]
[SourceVersionDate "2023.09.30"]
[SourceQuality "1"]

1. e4 c6 2. d4 d5 3. Nc3 dxe4 4. Nxe4 Bf5 5. Ng3 Bg6 6. h4 h6 7. Nf3 Nd7 8. h5 Bh7 9. Bd3 Bxd3 10. Qxd3 e6 11. Bd2 Ngf6 12. 0-0-0 Be7 13. Kb1 c5 14. Bc3 0-0 15. dxc5 Nxc5 16. Qc4 Qb6 17. Ne5 Rac8 18. Bd4 a5 19. Rhe1 Qb4 20. a3 Qxc4 21. Nxc4 a4 22. Nf5 exf5 23. Rxe7 Nxh5 24. Nd6 Rc6 25. Nxf5 Kh7 26. g4 Nf6 27. g5 Ng8 28. Ree1 hxg5 29. Bxg7 Rfc8 30. Bc3 Kg6 31. Nd4 Rf6 32. Nb5 Rxf2 33. Bd4 Rg2 34. Na7 Rc7 35. Nb5 Rc6 36. Na7 Rc7 1/2-1/2

[Event "CZE-chT1E 2223"]
[Site "Czech Republic"]
[Date "2023.02.25"]
[Round "8.1"]
[White "Nasuta, Grzegorz"]
[Black "Bures, Jaroslav"]
[Result "1-0"]
[WhiteElo "2542"]
[BlackElo "2419"]
[PlyCount "69"]
[EventDate "2022.10.08"]
[EventType "team-tourn"]
[EventRounds "11"]
[EventCountry "CZE"]
[SourceTitle "CBM 213 Extra"]
[Source "ChessBase"]
[SourceDate "2023.05.31"]
[SourceVersion "1"]
[SourceVersionDate "2023.05.31"]
[SourceQuality "1"]
[WhiteTeam "Poruba Slavoj"]
[BlackTeam "Jundrov Jezdci"]
[WhiteTeamCountry "CZE"]
[BlackTeamCountry "CZE"]

1. e4 c6 2. d4 d5 3. e5 Bf5 4. Nf3 e6 5. Be2 c5 6. Be3 Qb6 7. Nc3 Nc6 8. 0-0 Qxb2 9. Qe1 cxd4 10. Bxd4 Nxd4 11. Nxd4 Bb4 12. Rb1 Bxc3 13. Rxb2 Bxe1 14. Rxe1 b6 15. h4 h5 16. Nxf5 exf5 17. c4 dxc4 18. Bxc4 Ne7 19. e6 fxe6 20. Bxe6 g6 21. Rc2 Kf8 22. Rc7 b5 23. Bb3 Rh7 24. Re6 a5 25. Bd5 Re8 26. Rf6+ Kg7 27. Rf7+ Kh6 28. Rxh7+ Kxh7 29. Bc6 Rb8 30. Rxe7+ Kh6 31. Ra7 Rb6 32. Bd7 a4 33. f4 a3 34. Rxa3 b4 35. Re3 1-0

[Event "AUT-chT2O 2223"]
[Site "Austria"]
[Date "2022.11.20"]
[Round "4.1"]
[White "Bures, Jaroslav"]
[Black "Pulpan, Jakub"]
[Result "1/2-1/2"]
[WhiteElo "2419"]
[BlackElo "2408"]
[PlyCount "105"]
[EventDate "2022.10.15"]
[EventType "team-tourn"]
[EventRounds "11"]
[EventCountry "AUT"]
[SourceTitle "CBM 213 Extra"]
[Source "ChessBase"]
[SourceDate "2023.05.31"]
[SourceVersion "1"]
[SourceVersionDate "2023.05.31"]
[SourceQuality "1"]
[WhiteTeam "Mistelbach/Altlichtenwarth"]
[BlackTeam "Bad Voeslau"]
[WhiteTeamCountry "AUT"]
[BlackTeamCountry "AUT"]

1. d4 Nf6 2. c4 e6 3. Nc3 Bb4 4. e3 0-0 5. Bd2 b6 6. Nf3 Bb7 7. Bd3 c5 8. 0-0 cxd4 9. exd4 d5 10. cxd5 Nxd5 11. Nxd5 Bxd2 12. Nxb6 Qxb6 13. Qxd2 Bxf3 14. gxf3 Nc6 15. Be4 Rad8 16. Bxc6 Qxc6 17. Qc3 Qb6 18. Rfd1 Rd5 19. Rd3 Rfd8 20. Rad1 e5 21. b3 exd4 22. Qe1 Qd6 23. Qe4 g6 24. f4 Kg7 25. f5 Rd7 26. fxg6 hxg6 27. f4 Qf6 28. b4 Rd8 29. a3 a6 30. Kh1 Qh4 31. Qf3 R8d6 32. Kg2 Rh5 33. h3 Qf6 34. Qe4 Rhd5 35. R1d2 Kh7 36. Rd1 Rd7 37. R1d2 R5d6 38. Qe5 Qxe5 39. fxe5 Rd5 40. Kf3 Rxe5 41. Rxd4 Rf5+ 42. Kg2 Rc7 43. a4 Rc3 44. R4d3 Rc4 45. Rb2 Rf6 46. Rf3 Rb6 47. Rxf7+ Kh6 48. a5 Rbxb4 49. Rxb4 Rxb4 50. Rf6 Rb2+ 51. Kg3 Rb3+ 52. Kg4 Rb4+ 53. Kg3 1/2-1/2

[Event "Trnava Reti Memorial IM"]
[Site "Trnava"]
[Date "2022.08.16"]
[Round "7"]
[White "Bures, Jaroslav"]
[Black "Papp, Levente"]
[Result "1-0"]
[WhiteElo "2417"]
[BlackElo "2394"]
[PlyCount "107"]
[EventDate "2022.08.10"]
[EventType "tourn"]
[EventRounds "9"]
[EventCountry "SVK"]
[EventCategory "1"]
[SourceTitle "CBM 209 Extra"]
[Source "ChessBase"]
[SourceDate "2022.09.30"]
[SourceVersion "1"]
[SourceVersionDate "2022.09.30"]
[SourceQuality "1"]

1. e4 e6 2. d4 d5 3. Nd2 Be7 4. c3 Nf6 5. e5 Nfd7 6. f4 0-0 7. Ndf3 f6 8. h4 c5 9. Bd3 f5 10. Ng5 Re8 11. g4 cxd4 12. gxf5 exf5 13. Bxf5 Nf8 14. Bxc8 Qxc8 15. Qxd4 Bxg5 16. Qxd5+ Kh8 17. hxg5 Nc6 18. Be3 Qg4 19. Nf3 Qg3+ 20. Kf1 Ng6 21. Qe4 Kg8 22. Rg1 Qh3+ 23. Ke2 Rad8 24. Rad1 Nge7 25. Rh1 Qg2+ 26. Bf2 Rxd1 27. Qxh7+ Kf7 28. e6+ Kxe6 29. Qe4+ Kf7 30. Ne5+ Nxe5 31. Qxg2 Rxh1 32. Qxh1 N5c6 33. Kf3 Rd8 34. Qh5+ g6 35. Qh7+ Ke6 36. Bc5 Rd3+ 37. Ke2 Rd5 38. Bxe7 Nxe7 39. Qh8 Kd7 40. Qb8 Rb5 41. b3 Nc6 42. Qh8 Ra5 43. Qh3+ Rf5 44. Ke3 Ne7 45. Ke4 a6 46. c4 b5 47. c5 Ke6 48. b4 Nd5 49. a3 Ne7 50. Qh8 a5 51. Qb8 axb4 52. axb4 Nd5 53. Qd6+ Kf7 54. Qxd5+ 1-0

[Event "SVK-chT 2122"]
[Site "Slovakia"]
[Date "2022.06.11"]
[Round "10.3"]
[White "Turcan, Richard"]
[Black "Bures, Jaroslav"]
[Result "1/2-1/2"]
[WhiteElo "2263"]
[BlackElo "2394"]
[PlyCount "59"]
[EventDate "2021.10.23"]
[EventType "team-tourn"]
[EventRounds "11"]
[EventCountry "SVK"]
[SourceTitle "EXT 2023"]
[Source "ChessBase"]
[SourceDate "2022.10.05"]
[SourceVersion "1"]
[SourceVersionDate "2022.10.05"]
[SourceQuality "1"]
[WhiteTeam "Liptov Chess School"]
[BlackTeam "Bratislava Slovan"]
[WhiteTeamCountry "SVK"]
[BlackTeamCountry "SVK"]

1. e4 c5 2. Nf3 d6 3. d4 Nf6 4. Nc3 cxd4 5. Nxd4 a6 6. h3 g6 7. Be3 Bg7 8. Be2 Nbd7 9. f4 b5 10. Bf3 Bb7 11. e5 Bxf3 12. Nxf3 dxe5 13. fxe5 Nh5 14. g4 Ng3 15. Rg1 b4 16. Nd5 Ne4 17. Qd4 Nd6 18. 0-0-0 Rc8 19. Nxe7 Qxe7 20. Qxd6 Nxe5 21. Qxe7+ Kxe7 22. Rge1 f6 23. Bd4 Ke6 24. g5 Kf5 25. Bxe5 fxe5 26. Rd7 Rhg8 27. Rd6 Rc4 28. Nd2 Rf4 29. Rxa6 Kxg5 30. a4 1/2-1/2